[Event "19. Open de Sants Hostafrancs 2017"]
[Site "Barcelona ESP"]
[Date "2017.08.18"]
[Round "1.1"]
[White "Jumabayev, Rinat"]
[Black "Perez Pastora, Evarist"]
[Result "1-0"]
[WhiteElo "2610"]
[BlackElo "2121"]
[PlyCount "109"]
[EventDate "2017.08.18"]
[EventType "swiss"]
[EventRounds "10"]
[EventCountry "ESP"]
[SourceTitle "Ajedrez en Madrid"]
[Source "lmi"]
[SourceDate "2017.08.18"]

1. Nf3 Nf6 2. g3 g6 3. Bg2 Bg7 4. O-O O-O 5. d4 d6 6. c4 Nc6 7. Nc3 a6 8. Bf4
Bf5 9. d5 Na5 10. b3 c5 11. dxc6 Nxc6 12. Rc1 Qa5 13. Bd2 Qd8 14. Nh4 Bd7 15.
h3 Rc8 16. e3 Qb6 17. Qe2 h6 18. Nf3 Be6 19. Rfd1 Rfd8 20. e4 Re8 21. Na4 Qc7
22. Bf4 g5 23. Be3 Nd7 24. h4 f6 25. Nh2 Bf7 26. Nc3 Nc5 27. Nd5 Qa5 28. Rb1
Nd7 29. b4 Qd8 30. c5 e6 31. Nc3 dxc5 32. bxc5 Qc7 33. hxg5 hxg5 34. Na4 Bf8
35. Ng4 Bg7 36. Qb2 Rb8 37. Rxd7 Qxd7 38. Nxf6+ Bxf6 39. Qxf6 Qe7 40. Qh6 g4
41. Bg5 Qf8 42. Qh4 Bg6 43. Bf6 Kf7 44. Rd1 Red8 45. Bxd8 Rxd8 46. Qxg4 Nd4 47.
Qf4+ Kg8 48. Qxf8+ Kxf8 49. Kf1 Bh5 50. Rd2 e5 51. f4 Kf7 52. Nb6 Rg8 53. Nc4
Be2+ 54. Rxe2 Nxe2 55. Nxe5+ 1-0

[Event "19. Open de Sants Hostafrancs 2017"]
[Site "Barcelona ESP"]
[Date "2017.08.18"]
[Round "1.2"]
[White "Chakravarthy, Y V K."]
[Black "Oparin, Grigoriy"]
[Result "0-1"]
[WhiteElo "2121"]
[BlackElo "2609"]
[PlyCount "64"]
[EventDate "2017.08.18"]
[EventType "swiss"]
[EventRounds "10"]
[EventCountry "ESP"]
[SourceTitle "Ajedrez en Madrid"]
[Source "lmi"]
[SourceDate "2017.08.18"]

1. d4 Nf6 2. Bf4 c5 3. e3 cxd4 4. exd4 Qb6 5. Nc3 a6 6. a3 d5 7. h3 Bf5 8. Nf3
Nbd7 9. Rb1 e6 10. Bd3 Bxd3 11. Qxd3 Rc8 12. O-O Qc6 13. Ra1 Ne4 14. Bd2 Be7
15. Rfe1 f5 16. Rec1 Kf7 17. Nd1 Qb5 18. Qxb5 axb5 19. Bb4 Bf6 20. a4 g5 21. g4
h5 22. Ne3 hxg4 23. hxg4 Rh3 24. Kg2 Rch8 25. c3 Nb6 26. axb5 Nc4 27. Nf1 Nxb2
28. Ng1 R3h4 29. f3 Nd3 30. fxe4 Rxg4+ 31. Ng3 dxe4 32. Rf1 Nf4+ 0-1

[Event "19. Open de Sants Hostafrancs 2017"]
[Site "Barcelona ESP"]
[Date "2017.08.18"]
[Round "1.4"]
[White "Vergara Jofre, Felipe"]
[Black "Vocaturo, Daniele"]
[Result "0-1"]
[WhiteElo "2119"]
[BlackElo "2596"]
[PlyCount "38"]
[EventDate "2017.08.18"]
[EventType "swiss"]
[EventRounds "10"]
[EventCountry "ESP"]
[SourceTitle "Ajedrez en Madrid"]
[Source "lmi"]
[SourceDate "2017.08.18"]

1. e4 e5 2. Nf3 Nc6 3. Bc4 Bc5 4. c3 Nf6 5. d3 O-O 6. O-O d5 7. exd5 Nxd5 8.
Re1 Bg4 9. h3 Bh5 10. g4 Bg6 11. Nxe5 Nxe5 12. Rxe5 c6 13. Qf3 Bd6 14. Re1 Kh8
15. Kh1 Qh4 16. Nd2 f5 17. g5 Rae8 18. Rf1 Bh5 19. Qg2 Be2 0-1

[Event "19. Open de Sants Hostafrancs 2017"]
[Site "Barcelona ESP"]
[Date "2017.08.18"]
[Round "1.5"]
[White "Heimann, Andreas"]
[Black "Tazzioli, Luca"]
[Result "1-0"]
[WhiteElo "2591"]
[BlackElo "2114"]
[PlyCount "93"]
[EventDate "2017.08.18"]
[EventType "swiss"]
[EventRounds "10"]
[EventCountry "ESP"]
[SourceTitle "Ajedrez en Madrid"]
[Source "lmi"]
[SourceDate "2017.08.18"]

1. d4 d5 2. c4 e6 3. Nc3 Be7 4. Nf3 Nf6 5. Bf4 O-O 6. e3 b6 7. cxd5 Nxd5 8. Bd3
Nxf4 9. exf4 Bb7 10. O-O Nd7 11. Qe2 Nf6 12. Rac1 Nd5 13. Nxd5 Bxd5 14. Be4 Rc8
15. Ne5 a5 16. Bxd5 Qxd5 17. Nc6 Bd6 18. a3 Rce8 19. g3 f6 20. Rfe1 Rf7 21. Qe4
Qh5 22. Rc2 h6 23. Rce2 f5 24. Qd3 g5 25. d5 gxf4 26. dxe6 Rg7 27. Qd5 Bc5 28.
Kg2 Rg5 29. Qf3 Qxf3+ 30. Kxf3 fxg3 31. fxg3 Rg6 32. b4 axb4 33. axb4 Bd6 34.
b5 Kf8 35. e7+ Kg8 36. Re6 Kg7 37. Rxg6+ Kxg6 38. Re6+ Kg7 39. Nd4 Rxe7 40.
Nxf5+ Kf7 41. Rxe7+ Bxe7 42. Nxe7 Kxe7 43. g4 Kd6 44. h4 c6 45. bxc6 Kxc6 46.
g5 hxg5 47. h5 1-0

[Event "19. Open de Sants Hostafrancs 2017"]
[Site "Barcelona ESP"]
[Date "2017.08.18"]
[Round "1.6"]
[White "Jareno Badenas, Aleix"]
[Black "Tari, Aryan"]
[Result "0-1"]
[WhiteElo "2113"]
[BlackElo "2591"]
[PlyCount "62"]
[EventDate "2017.08.18"]
[EventType "swiss"]
[EventRounds "10"]
[EventCountry "ESP"]
[SourceTitle "Ajedrez en Madrid"]
[Source "lmi"]
[SourceDate "2017.08.18"]

1. e4 c5 2. Nf3 d6 3. d4 cxd4 4. Nxd4 Nf6 5. Nc3 a6 6. Be3 e5 7. Nb3 Be6 8. f3
Be7 9. Qd2 h5 10. a4 Nbd7 11. a5 O-O 12. Be2 Qc7 13. O-O Rfc8 14. Rfd1 Bc4 15.
Bxc4 Qxc4 16. Qf2 Qe6 17. Rd2 Rc4 18. Rad1 Rac8 19. h3 Nf8 20. Bg5 N8h7 21. Be3
h4 22. Qe1 Nh5 23. Bf2 g5 24. Nd5 Rxc2 25. Nxe7+ Qxe7 26. Rxd6 Rxb2 27. Nc5 Nf8
28. Nd7 Rcc2 29. Nxf8 Rxf2 30. Rd8 Rxg2+ 31. Kf1 Kg7 0-1

[Event "19. Open de Sants Hostafrancs 2017"]
[Site "Barcelona ESP"]
[Date "2017.08.18"]
[Round "1.7"]
[White "Delchev, Aleksander"]
[Black "Ongut, Tamas Gunes"]
[Result "1-0"]
[WhiteElo "2577"]
[BlackElo "2111"]
[PlyCount "81"]
[EventDate "2017.08.18"]
[EventType "swiss"]
[EventRounds "10"]
[EventCountry "ESP"]
[SourceTitle "Ajedrez en Madrid"]
[Source "lmi"]
[SourceDate "2017.08.18"]

1. e4 e5 2. Bc4 Nc6 3. Nf3 Nf6 4. d3 Be7 5. O-O O-O 6. Re1 d6 7. a4 h6 8. c3
Kh8 9. a5 a6 10. Nbd2 Ng8 11. Qb3 f5 12. exf5 Rxf5 13. Ne4 Rf8 14. Be3 Nf6 15.
Nxf6 Bxf6 16. Nd2 Ne7 17. Be6 Bxe6 18. Qxe6 Qc8 19. Qxc8 Raxc8 20. Ne4 Nf5 21.
Bd2 Be7 22. b4 Rce8 23. Rab1 c6 24. c4 Nd4 25. Bc3 Ne6 26. Rbd1 Rc8 27. Nd2 Rf5
28. g3 g5 29. d4 d5 30. c5 e4 31. f3 Rf7 32. fxe4 Nc7 33. Nf1 Kh7 34. Ne3 Nb5
35. Bb2 dxe4 36. d5 Bf6 37. Bxf6 Rxf6 38. Ng4 Rf7 39. d6 h5 40. Nf2 Nc3 41.
Nxe4 1-0

[Event "19. Open de Sants Hostafrancs 2017"]
[Site "Barcelona ESP"]
[Date "2017.08.18"]
[Round "1.8"]
[White "Svensen, Tarjei"]
[Black "Moussard, Jules"]
[Result "0-1"]
[WhiteElo "2106"]
[BlackElo "2571"]
[PlyCount "88"]
[EventDate "2017.08.18"]
[EventType "swiss"]
[EventRounds "10"]
[EventCountry "ESP"]
[SourceTitle "Ajedrez en Madrid"]
[Source "lmi"]
[SourceDate "2017.08.18"]

1. d4 Nf6 2. c4 d6 3. Nf3 g6 4. g3 Bg7 5. Bg2 O-O 6. Nc3 Nbd7 7. O-O e5 8. dxe5
dxe5 9. h3 h6 10. Be3 Qe7 11. Qc1 Kh7 12. Rd1 c6 13. a3 Nc5 14. Nd2 Nfd7 15. b4
Ne6 16. Nb3 f5 17. Qc2 f4 18. Bd2 fxg3 19. fxg3 Nd4 20. Qa2 Nb6 21. Nc5 e4 22.
N3xe4 Nxe2+ 23. Kh2 Nd4 24. Bf4 Nf5 25. Rac1 g5 26. Bd6 Nxd6 27. Nxd6 Be5 28.
Qc2+ Kh8 29. Nce4 Be6 30. Rd3 Rad8 31. Rcd1 Rd7 32. a4 g4 33. a5 gxh3 34. Bh1
Nd5 35. Qd2 Qg7 36. cxd5 cxd5 37. Rxd5 Bxd5 38. Qxd5 Rxd6 39. Qb3 Rg6 40. Rd3
h5 41. Kxh3 h4 42. gxh4 Rg1 43. Bf3 Rxf3+ 44. Rxf3 Qg4# 0-1

[Event "19. Open de Sants Hostafrancs 2017"]
[Site "Barcelona ESP"]
[Date "2017.08.18"]
[Round "1.9"]
[White "Grigoryan, Karen H"]
[Black "Debard, Michel"]
[Result "1-0"]
[WhiteElo "2570"]
[BlackElo "2104"]
[PlyCount "125"]
[EventDate "2017.08.18"]
[EventType "swiss"]
[EventRounds "10"]
[EventCountry "ESP"]
[SourceTitle "Ajedrez en Madrid"]
[Source "lmi"]
[SourceDate "2017.08.18"]

1. Nf3 Nf6 2. g3 g6 3. Bg2 Bg7 4. O-O O-O 5. c4 d6 6. d4 Nbd7 7. Nc3 e5 8. e4
Re8 9. h3 exd4 10. Nxd4 Nc5 11. Re1 a6 12. Qc2 Rb8 13. Be3 Bd7 14. b4 Ne6 15.
Rad1 Qc8 16. Nb3 h6 17. f4 c5 18. bxc5 Nxc5 19. Nxc5 dxc5 20. e5 Bxh3 21. exf6
Bxf6 22. Nd5 Bg7 23. Bxh3 Qxh3 24. Qg2 Qxg2+ 25. Kxg2 Re4 26. Rc1 b5 27. cxb5
Rxb5 28. Re2 Ra5 29. Kf3 f5 30. Nc3 Rc4 31. Rec2 Bd4 32. Nb1 Bxe3 33. Kxe3 Re4+
34. Kf3 g5 35. Nc3 Ra3 36. Kf2 Rd4 37. Ne2 Re4 38. Rd2 gxf4 39. gxf4 c4 40.
Rg1+ Kf7 41. Rg3 Rxg3 42. Kxg3 Re3+ 43. Kf2 Ra3 44. Rc2 h5 45. Nd4 Kf6 46. Rxc4
Rxa2+ 47. Kg3 a5 48. Rc6+ Ke7 49. Nxf5+ Kd7 50. Ra6 Kc7 51. Nd6 Rd2 52. Ne8+
Kd8 53. Nf6 Ra2 54. Nxh5 Kc7 55. f5 Kb7 56. f6 Kxa6 57. f7 Ra3+ 58. Kg4 Rb3 59.
f8=Q a4 60. Nf4 a3 61. Ne6 Ka5 62. Nd4 Rb4 63. Qc5+ 1-0

[Event "19. Open de Sants Hostafrancs 2017"]
[Site "Barcelona ESP"]
[Date "2017.08.18"]
[Round "1.10"]
[White "Lafortune, Emerick"]
[Black "Svetushkin, Dmitry"]
[Result "1/2-1/2"]
[WhiteElo "2104"]
[BlackElo "2558"]
[PlyCount "120"]
[EventDate "2017.08.18"]
[EventType "swiss"]
[EventRounds "10"]
[EventCountry "ESP"]
[SourceTitle "Ajedrez en Madrid"]
[Source "lmi"]
[SourceDate "2017.08.18"]

1. d4 Nf6 2. c4 e6 3. Nc3 Bb4 4. e3 O-O 5. Bd3 c5 6. Nf3 b6 7. O-O Bxc3 8. bxc3
Bb7 9. Qc2 Bxf3 10. gxf3 Nc6 11. f4 d6 12. Kh1 e5 13. d5 Ne7 14. fxe5 dxe5 15.
f4 exf4 16. exf4 Ng6 17. Qg2 Ne8 18. Bd2 f5 19. Rae1 Nd6 20. Re6 Rf7 21. Qe2
Nf8 22. Re3 Qd7 23. Re1 Qa4 24. Bc1 Rd8 25. Rg1 b5 26. cxb5 c4 27. Bb1 Qxb5 28.
Ba3 Qxd5+ 29. Qg2 Qxg2+ 30. Rxg2 Nb5 31. Bc5 Rd5 32. Bb4 a5 33. Bxf8 Kxf8 34.
Rge2 g6 35. Bc2 Nc7 36. Ba4 Rd3 37. Rxd3 cxd3 38. Rd2 Ne6 39. Bb3 Re7 40. Bxe6
Rxe6 41. Rxd3 Re4 42. Rd7 h6 43. Ra7 Rxf4 44. Rxa5 Rf2 45. c4 f4 46. Kg1 Rc2
47. c5 g5 48. a4 f3 49. h3 Kg7 50. Rb5 h5 51. Rb3 g4 52. hxg4 hxg4 53. Rb4 Rg2+
54. Kf1 Kh6 55. c6 Kh5 56. Rc4 Rh2 57. Rc3 Rh1+ 58. Kf2 Rh2+ 59. Kf1 Rh1+ 60.
Kf2 Rh2+ 1/2-1/2

[Event "19. Open de Sants Hostafrancs 2017"]
[Site "Barcelona ESP"]
[Date "2017.08.18"]
[Round "1.11"]
[White "Ortiz Suarez, Isan Reynaldo"]
[Black "Del Amo Carbo, Jordi"]
[Result "1-0"]
[WhiteElo "2556"]
[BlackElo "2103"]
[PlyCount "57"]
[EventDate "2017.08.18"]
[EventType "swiss"]
[EventRounds "10"]
[EventCountry "ESP"]
[SourceTitle "Ajedrez en Madrid"]
[Source "lmi"]
[SourceDate "2017.08.18"]

1. c4 Nf6 2. g3 e6 3. Bg2 d5 4. Nf3 Be7 5. O-O O-O 6. d4 b6 7. cxd5 exd5 8. Nc3
Bb7 9. Bf4 c6 10. Rc1 Re8 11. Ne5 Nbd7 12. e4 Nxe5 13. dxe5 Nxe4 14. Nxe4 dxe4
15. Bxe4 Bc5 16. Qh5 g6 17. Qf3 Rc8 18. Rfd1 Qe7 19. h4 Qe6 20. Rxc5 bxc5 21.
Rd6 Qe7 22. Bg5 Qc7 23. Bf6 Re6 24. Qf4 Rxf6 25. exf6 Kh8 26. h5 Rd8 27. Qh6
Rg8 28. hxg6 fxg6 29. Re6 1-0

[Event "19. Open de Sants Hostafrancs 2017"]
[Site "Barcelona ESP"]
[Date "2017.08.18"]
[Round "1.12"]
[White "Yapar, Nedim"]
[Black "Schroeder, Jan-christian"]
[Result "0-1"]
[WhiteElo "2102"]
[BlackElo "2539"]
[PlyCount "108"]
[EventDate "2017.08.18"]
[EventType "swiss"]
[EventRounds "10"]
[EventCountry "ESP"]
[SourceTitle "Ajedrez en Madrid"]
[Source "lmi"]
[SourceDate "2017.08.18"]

1. d4 Nf6 2. c4 e6 3. Nf3 b6 4. g3 Ba6 5. b3 Bb7 6. Bg2 Bb4+ 7. Bd2 a5 8. O-O
O-O 9. Nc3 d6 10. Qc2 Nbd7 11. a3 Bxc3 12. Bxc3 Be4 13. Qd2 d5 14. Rfd1 a4 15.
cxd5 exd5 16. b4 b5 17. Qc1 Nb6 18. Bd2 Nc4 19. Bg5 Re8 20. Qf4 Ra6 21. Ra2 h6
22. Bxf6 Rxf6 23. Qc1 Qc8 24. Ne1 Bxg2 25. Kxg2 Qf5 26. Nd3 Rxe2 27. Rxe2 Qf3+
28. Kg1 Qxe2 29. Nf4 Qf3 30. Rd3 Qe4 31. Qf1 c6 32. f3 Qe7 33. Qe2 Qd7 34. Qf2
g5 35. Nh5 Re6 36. g4 Qe8 37. Ng3 Re3 38. Rd1 Qe6 39. Nf5 Re2 40. Qg3 Ne3 41.
Re1 Rxe1+ 42. Qxe1 Nxf5 43. Qxe6 fxe6 44. gxf5 exf5 45. f4 Kf7 46. Kg2 Kg6 47.
Kf3 h5 48. Kg3 h4+ 49. Kf3 g4+ 50. Kf2 Kf6 51. Kg2 Ke6 52. Kf2 Kd7 53. Ke3 Kc7
54. Kf2 c5 0-1

[Event "19. Open de Sants Hostafrancs 2017"]
[Site "Barcelona ESP"]
[Date "2017.08.18"]
[Round "1.13"]
[White "Novikov, Stanislav"]
[Black "Carballo Cancela, Manuel"]
[Result "1-0"]
[WhiteElo "2538"]
[BlackElo "2101"]
[PlyCount "55"]
[EventDate "2017.08.18"]
[EventType "swiss"]
[EventRounds "10"]
[EventCountry "ESP"]
[SourceTitle "Ajedrez en Madrid"]
[Source "lmi"]
[SourceDate "2017.08.18"]

1. e4 d6 2. d4 Nf6 3. f3 c5 4. c3 Nbd7 5. Be3 Qc7 6. Qd2 g6 7. Bd3 Bg7 8. Ne2
O-O 9. a4 b6 10. Na3 Bb7 11. O-O a6 12. b4 e5 13. d5 Ne8 14. g4 f5 15. exf5 e4
16. Bxe4 cxb4 17. cxb4 Bxa1 18. Rxa1 Ne5 19. Rc1 Qd7 20. Nc4 gxf5 21. Nxe5 dxe5
22. gxf5 Nd6 23. Bxb6 Rac8 24. Bc5 Rf7 25. Kf2 Qd8 26. Qh6 Nxf5 27. Bxf5 Qxd5
28. Bxh7+ 1-0

[Event "19. Open de Sants Hostafrancs 2017"]
[Site "Barcelona ESP"]
[Date "2017.08.18"]
[Round "1.15"]
[White "Blomqvist, Erik"]
[Black "Chernikov, Vladimir"]
[Result "1-0"]
[WhiteElo "2525"]
[BlackElo "2101"]
[PlyCount "71"]
[EventDate "2017.08.18"]
[EventType "swiss"]
[EventRounds "10"]
[EventCountry "ESP"]
[SourceTitle "Ajedrez en Madrid"]
[Source "lmi"]
[SourceDate "2017.08.18"]

1. e4 d6 2. d4 Nf6 3. Nc3 e5 4. dxe5 dxe5 5. Qxd8+ Kxd8 6. Nf3 Bd6 7. Be3 h6 8.
O-O-O Bd7 9. Bc4 Ke8 10. h3 a6 11. a3 Bc6 12. Rhe1 Nbd7 13. Nd2 b5 14. Ba2 Ke7
15. Nd5+ Nxd5 16. exd5 Bb7 17. c4 f5 18. f4 e4 19. g4 g6 20. b4 bxc4 21. Nxc4
Raf8 22. Kb2 Nf6 23. Ne5 Rhg8 24. Bc5 Nd7 25. Rc1 Ke8 26. Bxd6 cxd6 27. Rc7
dxe5 28. d6 Rg7 29. Rec1 Kd8 30. Rxb7 Rf6 31. fxe5 Nxe5 32. Rb8+ Kd7 33. Rc7+
Kxd6 34. Rxg7 e3 35. Rd8+ Kc6 36. Bd5+ 1-0

[Event "19. Open de Sants Hostafrancs 2017"]
[Site "Barcelona ESP"]
[Date "2017.08.18"]
[Round "1.16"]
[White "Beaskoa Estany, Gabriel"]
[Black "Vera Siguenas, Deivy"]
[Result "0-1"]
[WhiteElo "2100"]
[BlackElo "2525"]
[PlyCount "110"]
[EventDate "2017.08.18"]
[EventType "swiss"]
[EventRounds "10"]
[EventCountry "ESP"]
[SourceTitle "Ajedrez en Madrid"]
[Source "lmi"]
[SourceDate "2017.08.18"]

1. d4 Nf6 2. Nf3 d5 3. g3 Bf5 4. Bg2 e6 5. O-O Bd6 6. c4 c6 7. Nc3 O-O 8. Nd2
Nbd7 9. e4 dxe4 10. Ndxe4 Bc7 11. Be3 Nxe4 12. Nxe4 Nf6 13. Nxf6+ Qxf6 14. Qb3
Rab8 15. d5 Be5 16. Bxa7 Rbc8 17. Qxb7 Rc7 18. Qb6 cxd5 19. cxd5 Rc2 20. Rad1
Rxb2 21. Qe3 Rxa2 22. d6 Bc2 23. Rd2 Bc3 24. Re2 Rxa7 25. Qxa7 Bd3 26. Rfe1
Bxe2 27. Rxe2 Bd4 28. Qb7 g6 29. Rc2 Kg7 30. d7 Rd8 31. Bc6 h5 32. Kg2 h4 33.
Qb5 Rh8 34. h3 hxg3 35. fxg3 e5 36. Qd3 Qe6 37. g4 Rb8 38. Qf3 Qe7 39. Re2 Rb1
40. Qe4 Rg1+ 41. Kh2 Qa3 42. Qf3 Qd6 43. Qd5 Qa3 44. Qf3 Qe7 45. Qd5 Qh4 46.
Qf3 Qd8 47. Qd5 Rd1 48. Kg2 Qg5 49. Qf3 Rc1 50. Bd5 f5 51. Ba2 e4 52. Rxe4 fxe4
53. Qf7+ Kh6 54. Qf8+ Bg7 55. d8=Q Rc2+ 0-1

[Event "19. Open de Sants Hostafrancs 2017"]
[Site "Barcelona ESP"]
[Date "2017.08.18"]
[Round "1.17"]
[White "Dobrov, Vladimir"]
[Black "Porta Tovar, Guillem"]
[Result "1-0"]
[WhiteElo "2510"]
[BlackElo "2099"]
[PlyCount "109"]
[EventDate "2017.08.18"]
[EventType "swiss"]
[EventRounds "10"]
[EventCountry "ESP"]
[SourceTitle "Ajedrez en Madrid"]
[Source "lmi"]
[SourceDate "2017.08.18"]

1. d4 e6 2. c4 f5 3. g3 Nf6 4. Bg2 Be7 5. b3 O-O 6. Bb2 d5 7. Nh3 Nc6 8. O-O a5
9. e3 a4 10. bxa4 Na5 11. Nd2 Ne4 12. Bxe4 fxe4 13. Bc3 e5 14. Kg2 Qd7 15. Ng1
c5 16. Bxa5 Rxa5 17. dxe5 Rf5 18. cxd5 Qxd5 19. Ne2 Rxe5 20. Qb3 Ra6 21. Nc3
Qxb3 22. axb3 Rh6 23. h4 g5 24. h5 Rxh5 25. Rh1 Rxh1 26. Rxh1 Bf5 27. Nc4 Re6
28. Nd2 Bf6 29. g4 Bg6 30. Nd5 Bd8 31. Nc4 Kf7 32. Rd1 Ke8 33. Nc3 b6 34. Nb5
h5 35. Nbd6+ Kf8 36. Nc8 Ke8 37. N8d6+ Kf8 38. Nf5 Bc7 39. Rd5 hxg4 40. Ng3 Kf7
41. Rxg5 Kf6 42. Rxg4 Re8 43. Rh4 Kg5 44. Kh3 Rf8 45. Nd2 Bxg3 46. Kxg3 Re8 47.
Nc4 Re6 48. Rh8 Bf7 49. Rf8 Bh5 50. Rg8+ Kf5 51. Rf8+ Kg5 52. Rd8 Kf5 53. Rd5+
Kg6 54. Ne5+ Kf5 55. Nd7+ 1-0

[Event "19. Open de Sants Hostafrancs 2017"]
[Site "Barcelona ESP"]
[Date "2017.08.18"]
[Round "1.18"]
[White "Gonzalez Santamartina, Jorge"]
[Black "Ferreira, Jorge Viterbo"]
[Result "0-1"]
[WhiteElo "2099"]
[BlackElo "2499"]
[PlyCount "66"]
[EventDate "2017.08.18"]
[EventType "swiss"]
[EventRounds "10"]
[EventCountry "ESP"]
[SourceTitle "Ajedrez en Madrid"]
[Source "lmi"]
[SourceDate "2017.08.18"]

1. c4 e5 2. g3 Nc6 3. Bg2 f5 4. Nc3 Nf6 5. e3 d5 6. cxd5 Nb4 7. d3 Nfxd5 8.
Nxd5 Nxd5 9. Nf3 Bb4+ 10. Bd2 Bxd2+ 11. Qxd2 Qd6 12. O-O O-O 13. Rfd1 f4 14. e4
Ne7 15. d4 Bg4 16. Qc3 Bxf3 17. Bxf3 fxg3 18. hxg3 Qf6 19. Kg2 Nc6 20. d5 Nd4
21. Rd3 h5 22. Rf1 Qg6 23. Rxd4 exd4 24. Qxd4 h4 25. Qe3 Rae8 26. e5 Qf5 27.
Rh1 Rxe5 28. Qb3 g5 29. d6+ Kg7 30. g4 Qd7 31. Qxb7 Qxd6 32. Qc6 Qxc6 33. Bxc6
Re2 0-1

[Event "19. Open de Sants Hostafrancs 2017"]
[Site "Barcelona ESP"]
[Date "2017.08.18"]
[Round "1.19"]
[White "Gascon Del Nogal, Jose Rafael"]
[Black "Smith, Matthieu"]
[Result "1/2-1/2"]
[WhiteElo "2498"]
[BlackElo "2099"]
[PlyCount "165"]
[EventDate "2017.08.18"]
[EventType "swiss"]
[EventRounds "10"]
[EventCountry "ESP"]
[SourceTitle "Ajedrez en Madrid"]
[Source "lmi"]
[SourceDate "2017.08.18"]

1. e4 e5 2. Nf3 Nc6 3. Bc4 Bc5 4. c3 Nf6 5. d3 d6 6. Bb3 h6 7. h3 a6 8. Nbd2
Qe7 9. Nf1 Ba7 10. Ng3 Bd7 11. O-O g5 12. Nh2 O-O-O 13. Be3 Rdg8 14. Bxa7 Nxa7
15. Ng4 Nxg4 16. hxg4 Nc6 17. Qf3 Rf8 18. Ba4 Qe6 19. Nf5 Ne7 20. Bxd7+ Qxd7
21. Nxe7+ Qxe7 22. g3 Qe6 23. Qf5 Qxf5 24. gxf5 h5 25. Kg2 h4 26. Rh1 hxg3 27.
Kxg3 Kd7 28. a4 b6 29. b4 f6 30. c4 Kc6 31. Kg4 a5 32. bxa5 bxa5 33. Rab1 Kc5
34. Rb5+ Kd4 35. Rd5+ Kc3 36. Rxh8 Rxh8 37. c5 dxc5 38. f3 Kb4 39. Rd7 Kxa4 40.
Rf7 Rh4+ 41. Kg3 Rh6 42. Rxc7 Kb5 43. Rb7+ Kc6 44. Rg7 Rh8 45. Rf7 Rh6 46. Ra7
Kb5 47. Rb7+ Kc6 48. Rb8 Rh7 49. Rf8 Rh6 50. Ra8 Kb5 51. Rb8+ Kc6 52. Kf2 Rh7
53. Rf8 Ra7 54. Rxf6+ Kb5 55. Rg6 a4 56. Rxg5 a3 57. Rg1 a2 58. Ra1 Kc6 59. f4
Kd6 60. Kf3 Ra8 61. Kg4 Rg8+ 62. Kh5 Rg2 63. fxe5+ Kxe5 64. Rc1 Kf6 65. Ra1 Ke5
66. Kh4 Rd2 67. Kg4 Rb2 68. Kf3 Rd2 69. Ke3 Rb2 70. Kf3 Rd2 71. Kg4 Rg2+ 72.
Kh5 Kf6 73. Rc1 Rc2 74. Ra1 Rg2 75. Kh4 Rd2 76. Kg4 Ke5 77. Kg5 Rg2+ 78. Kh4
Kf6 79. Kh3 Rb2 80. Kg3 Ke5 81. Kf3 Rd2 82. Ke3 Rb2 83. Kf3 1/2-1/2

[Event "19. Open de Sants Hostafrancs 2017"]
[Site "Barcelona ESP"]
[Date "2017.08.18"]
[Round "1.21"]
[White "Munoz, Miguel"]
[Black "Eizaguerri Floris, Maria"]
[Result "1-0"]
[WhiteElo "2497"]
[BlackElo "2098"]
[PlyCount "69"]
[EventDate "2017.08.18"]
[EventType "swiss"]
[EventRounds "10"]
[EventCountry "ESP"]
[SourceTitle "Ajedrez en Madrid"]
[Source "lmi"]
[SourceDate "2017.08.18"]

1. g3 d5 2. Bg2 c6 3. f4 Bf5 4. Nf3 h5 5. d3 Nf6 6. h3 e6 7. e3 Be7 8. Qe2 Qa5+
9. Nbd2 Nbd7 10. O-O Qb6 11. b3 a5 12. a4 Qa6 13. Bb2 Ne4 14. Qe1 Nxd2 15. Qxd2
Bf6 16. Nd4 O-O 17. e4 c5 18. e5 cxd4 19. exf6 Nxf6 20. Bxd4 Nd7 21. Qe2 Rac8
22. Rf2 Bg6 23. Bf3 h4 24. gxh4 Qd6 25. Bg4 Rfe8 26. h5 Bf5 27. Raf1 Kh7 28.
Rg2 Rg8 29. Qe1 Qb4 30. c3 Qf8 31. Bxf5+ exf5 32. Qg3 g6 33. Qh4 gxh5 34. Qxh5+
Qh6 35. Qxf7+ 1-0

[Event "19. Open de Sants Hostafrancs 2017"]
[Site "Barcelona ESP"]
[Date "2017.08.18"]
[Round "1.22"]
[White "Jordan Martinez, David"]
[Black "Salomon, Johan"]
[Result "0-1"]
[WhiteElo "2095"]
[BlackElo "2488"]
[PlyCount "46"]
[EventDate "2017.08.18"]
[EventType "swiss"]
[EventRounds "10"]
[EventCountry "ESP"]
[SourceTitle "Ajedrez en Madrid"]
[Source "lmi"]
[SourceDate "2017.08.18"]

1. e4 c5 2. c3 d5 3. exd5 Qxd5 4. d4 Nc6 5. Nf3 Bf5 6. Be3 Nf6 7. Nbd2 cxd4 8.
Bc4 dxe3 9. Bxd5 exd2+ 10. Qxd2 O-O-O 11. O-O Rxd5 12. Qe2 Bd3 13. Qe3 Bxf1 14.
Kxf1 e6 15. b4 Rf5 16. a4 Be7 17. h3 Rd8 18. b5 Bc5 19. Qe2 Na5 20. Nd4 Rfd5
21. g3 e5 22. Nf3 Nb3 23. Rb1 Nd2+ 0-1

[Event "19. Open de Sants Hostafrancs 2017"]
[Site "Barcelona ESP"]
[Date "2017.08.18"]
[Round "1.23"]
[White "Praggnanandhaa, R."]
[Black "Pajeken, Jakob Leon"]
[Result "1-0"]
[WhiteElo "2487"]
[BlackElo "2094"]
[PlyCount "59"]
[EventDate "2017.08.18"]
[EventType "swiss"]
[EventRounds "10"]
[EventCountry "ESP"]
[SourceTitle "Ajedrez en Madrid"]
[Source "lmi"]
[SourceDate "2017.08.18"]

1. e4 e5 2. Nf3 Nc6 3. Bc4 Bc5 4. c3 Nf6 5. d3 a6 6. Bb3 O-O 7. h3 Ba7 8. O-O
d6 9. Re1 h6 10. Nbd2 Nh5 11. Nf1 Qf6 12. N1h2 Nf4 13. Be3 Qg6 14. Bxf4 exf4
15. Kf1 Bd7 16. d4 Rad8 17. Qd2 Qf6 18. Kg1 Rfe8 19. Rad1 g5 20. e5 dxe5 21.
dxe5 Qg7 22. Qc2 Kh8 23. Ng4 Bxg4 24. Rxd8 Rxd8 25. hxg4 Na5 26. e6 fxe6 27.
Rxe6 Nxb3 28. axb3 Bb6 29. Ne5 Bc5 30. Qf5 1-0

[Event "19. Open de Sants Hostafrancs 2017"]
[Site "Barcelona ESP"]
[Date "2017.08.18"]
[Round "1.24"]
[White "Rodriguez Garcia, Carlos"]
[Black "Mons, Leon"]
[Result "0-1"]
[WhiteElo "2090"]
[BlackElo "2483"]
[PlyCount "62"]
[EventDate "2017.08.18"]
[EventType "swiss"]
[EventRounds "10"]
[EventCountry "ESP"]
[SourceTitle "Ajedrez en Madrid"]
[Source "lmi"]
[SourceDate "2017.08.18"]

1. e4 g6 2. d4 Bg7 3. Nc3 a6 4. f4 b5 5. Nf3 Bb7 6. Bd3 d6 7. a4 b4 8. Ne2 Nd7
9. c3 c5 10. cxb4 cxd4 11. Nexd4 e5 12. Nc2 Ngf6 13. Qe2 d5 14. fxe5 Nxe4 15.
e6 fxe6 16. Bxe4 dxe4 17. Ng5 O-O 18. Nxe6 Qh4+ 19. g3 Qe7 20. Nxf8 Rxf8 21.
Rf1 Rc8 22. Be3 Ne5 23. Kf2 Bd5 24. Na3 Nd3+ 25. Kg1 Bxb2 26. Qg4 Re8 27. Nc2
Ne5 28. Qd1 Bc4 29. Rf2 Rd8 30. Rd2 Nf3+ 31. Kg2 Nxd2 0-1

[Event "19. Open de Sants Hostafrancs 2017"]
[Site "Barcelona ESP"]
[Date "2017.08.18"]
[Round "1.25"]
[White "Firat, Burak"]
[Black "Sanchez Lopez, Juan Manuel"]
[Result "1-0"]
[WhiteElo "2482"]
[BlackElo "2090"]
[PlyCount "59"]
[EventDate "2017.08.18"]
[EventType "swiss"]
[EventRounds "10"]
[EventCountry "ESP"]
[SourceTitle "Ajedrez en Madrid"]
[Source "lmi"]
[SourceDate "2017.08.18"]

1. d4 Nf6 2. Nf3 c5 3. d5 e6 4. Nc3 b5 5. dxe6 fxe6 6. Nxb5 Qb6 7. c4 a6 8. Nc3
Bb7 9. g3 Be7 10. Bg2 O-O 11. O-O d5 12. Na4 Qc7 13. Ng5 Qc6 14. Qb3 Nbd7 15.
Nxe6 Qxe6 16. Qxb7 Rab8 17. Bxd5 Nxd5 18. Qxd5 Qxd5 19. cxd5 Nf6 20. Nc3 c4 21.
e4 Bc5 22. Kg2 Ng4 23. Nd1 Ne5 24. Bf4 Rxf4 25. gxf4 Nd3 26. f5 Bd4 27. Rb1
Nxb2 28. Nxb2 Bxb2 29. Rfc1 Rb4 30. a3 1-0